| 000 | 01101nam a22002657a 4500 | ||
|---|---|---|---|
| 999 |
_c7487 _d7487 |
||
| 003 | AR-CdUCM | ||
| 008 | 190320b ||||| |||| 00| 0 spa d | ||
| 040 |
_aMUNICIPALIDAD PROVINCIAL DEL CUSCO _cBIBLIOTECA MUNICIPAL DEL CUSCO |
||
| 041 | _heng | ||
| 082 |
_a630.8 / _bP66 |
||
| 110 |
_aServicio de conservación de suelos departamento de Agricultura de los Estados Unidos de América. _921034 |
||
| 245 | _aPlantas de bombeo para riego / | ||
| 260 |
_aMéxico D. F. : _bDiana, _c1972. |
||
| 300 |
_a86 páginas ; _bilustraciones, tablas, figuras, _c23 cm. |
||
| 440 |
_aColección Ingeniería de suelos. _n4 _921121 |
||
| 500 | _aManual de Ingeniería de suelos, colección 15: Riego. | ||
| 505 | _aContenido: Bombas centrífugas -- Lista de problemas -- Bombas de turbina para pozos profundos -- Bombas de inmersión -- Bombas impelentes ... | ||
| 650 |
_aBombas _921122 |
||
| 650 |
_aPlantas _919530 |
||
| 650 |
_aRiego _921019 |
||
| 700 |
_aÁvila de la Torre, Emilio (traductor) _921037 |
||
| 710 |
_aCentro Regional de Ayuda Técnica AID. _921038 |
||
| 942 |
_2ddc _cLIBROS |
||
| 945 | _aachl | ||